Quizzes
Events
Quiz Creation
Community
Videos
Private Events
Remove Ads
Sign In
Join for FREE
Feedback
Dark Mode
Quiz Categories
Sports
Geography
Music
Movies
Television
Just For Fun
Miscellaneous
History
Literature
Language
Science
Gaming
Entertainment
Religion
Holiday
For Kids
Quiz Lab
Recent
Popular Today
Quiz Kudos Today
Editor Picks
Curator Picks
Quizzes by...
Day
Popularity
Type
Ratings
Length
Year
Community
Subscriptions
Recent Discussions
Orange Saloon
Badges
Playlists
Quests
Create
Leaderboards
Showdown
Live 5
Trivia Bingo
Activity
Puzzle Library
Sporcle Events
Private Events
Virtual Trivia
Globe League
Become a Host
Pub Owners
SporcleCon
Opinionation
Our Games
Videos
Blog
Mobile Apps
Partnerships
Remove Ads and Go Orange
Feedback
History
US Presidents
World Leaders
Politics
Nation
Discovery
War
Decade
Year
Century
Biography
Art
History
US Presidents
World Leaders
Politics
Nation
Discovery
War
Decade
Year
Century
Biography
Art
Random Quiz
Search Sporcle
×
Quiz Lab
Quiz Lab
History
World Leaders
Type in answers that appear in a list
Type in answers that appear in a list
Classic
Best Score? Go Orange.
British royal family on the eve of World War 2 Stats
Can you name the british royal family (those with HRH or HM status) on the eve of World War 2 ?
By
SqueezyJoe
10m
20 Questions
2,171 Plays
2,171 Plays
2,171 Plays
Comments
Comments
Give Quiz Kudos
Give Quiz Kudos
-
- Ratings
hide this ad
Random Order
Randomize order of answers
Randomize order of answers
Replay
Link that replays current quiz
Next Quiz
Link to next quiz in quiz playlist
You Got
0%
They Got
Avg Score
69%
Avg Friend Score
Upgrade to see
Score Distribution
Jump to the score distribution portion of the page
Score
0/20
Timer
10:00
0
Plays Today
Date of Birth - Date of Death
Person (and later title)
% Correct
4th August 1900 – 30th March 2002
Queen Elizabeth (The Queen Mother)
98.6%
21 April 1926 -
Present
Princess Elizabeth (Queen Elizabeth II)
98.4%
20 December 1902 – 25 August 1942
Prince George Duke of Kent
95.4%
23rd June 1894 – 28 May 1972
Duke Of Windsor
92.3%
21st August 1930 – 9th February 2002
Princess Margaret
91.7%
9th October 1935 -
Present
Prince Edward (The current Duke of Kent)
90.1%
26th May 1867 – 24 March 1953
Queen Mary
84.6%
25 April 1897 – 28 March 1965
Mary Princess Royal and Countess Harewood
82.2%
14th December 1895 -
6th February 1952
King George VI
71.6%
31 March 1900 – 10 June 1974
Prince Henry Duke of of Gloucester
69.9%
Date of Birth - Date of Death
Person (and later title)
% Correct
25th December 1936 -
Present
Princess Alexandra (The Honourable Lady Ogilvy)
64.1%
17th May 1891 – 26th February 1959
Princess Alexandra Duchess of Fife
64.1%
25th December 1901 – 29th October 2004
Princess Alice, Duchess of Gloucester
63.6%
25th February 1883 – 3rd January 1981
Princess Alice, Countess of Athlone
63.2%
18 March 1848 – 3 December 1939
Princess Louise, Duchess of Argyll
52.6%
1 May 1850 – 16 January 1942
Prince Arthur, Duke of Connaught and Strathearn
51%
14 April 1857 – 26 October 1944
The Princess Beatrice
49.7%
13th December 1906 -
27th August 1968
Princess Marina Duchess of Kent
46%
17 March 1886 – 12 January 1974
Princess Patricia of Connaught
35.3%
12 August 1872 – 8 December 1956
Princess Marie Louise
33.5%
Quiz Playlist
Details
Report
Send in Message
Add To Playlist
Classic:
Type in answers that appear in a list
Random Order:
Randomize order of answers
Last Updated: Feb 16, 2017
Quiz Scoreboard
CHALLENGE
Sign Up to Join the Scoreboard
Show All
Scores
Hide
Comments
May contain spoilers
Recently Published
Billboard Blitz: Fleetwood Mac
by CooCooCachoo
Music
15s
Presidents Visiting Landmarks
by Hejman
History
7m
An Introduction to Baseball
by treessimontrees
Sports
5m
More to Explore
Quiz From the Vault
Featured Blog Post
Where Did the Easter Bunny Come From?
hide this ad
You Might Also Like...
Tags
World Leaders Quiz
British
Family
King
Majesty
monarch
Queen
Royal
World War II
Today's Top Quizzes in History
Browse History
hide this ad
Today's Top Quizzes in World Leaders
Browse World Leaders
Top Contributed Quizzes in History
1
Popular People in 1991
2
Popular People in 1981
3
Popular People in 1951
4
Popular People in 1941
5
Popular People in 1986
6
Popular People in 1976
7
Popular People in 1921
8
I Am Born On March 28th
9
5-to-1: 20th Century Images of War
10
Popular People in 1946
Explore More
Trending Topics
NBA
Marvel
Crossword
Disney
Kpop
Anime
Harry Potter
Song
Country
Puzzle
The Office
Soccer
WWE
NFL
Pokémon
hide this ad
More By:
SqueezyJoe
Quiz
Plays
Rating
Category
Featured
Created
british royal family on the eve of World War 2
2,171
4.60
History
May 23, 2011
Titles of Prince Charles
1,012
5.00
History
Sep 11, 2011
Monarchy by title of Heir
684
1.86
History
Jul 14, 2011
Titles of Queen Elizabeth The Queen Mother
475
4.00
History
Sep 11, 2011
kings that were not prince of wales
380
History
Aug 16, 2011
Go to Creator's Profile
Score Distribution
Quiz Creator Spotlight
SqueezyJoe
Follow
Send a Message
Quizzes Created
-
Created Quiz Play Count
-
More By This Creator
Popular Quizzes Today
1
Find the US States - No Outlines Minefield
2
Find the Countries of Europe - No Outlines Minefield
3
The Countries of the World
4
Find the US States
5
Popular People in 1961
6
US States
7
Risky Map Clicking: Biggest States A-Z
8
Movies - When Are They Set?
More History Quizzes
Orderly History: Egypt
Quiz Lab
Trending Quizzes
Risky Map Clicking: Least Populous States A-Z
1-10 Letter G Words
1-10 Letter F Words
Risky Map Clicking: Next State Alphabetically
'A' Boys' Names Grid
Recently Updated
Leaping Animals
pecheneg
Reality TV Shows (A-Z)
bhenderson79
Rickey Henderson's Hall of Fame Teammates
pecheneg
Champions League XIs: Arsenal
pecheneg
Quick Pick: Celebrities in WWE's Hall of Fame
aduchscher
A-Z Keypad Blitz II
pecheneg
Multiple Oscar Actors
pecheneg
Mystery Phrase Blitz: Oscar 'Best Actors'
pecheneg
F. Scott Fitzgerald Novels
LTH
Pick 3 Villains
ddd62291
Trending Topics
Crossword
Kpop
Anime
Marvel
NBA
Disney
Harry Potter
NFL
The Office
Country
Puzzle
Soccer
WWE
Pokémon
Song
Your Account Isn't Verified!
In order to create a playlist on Sporcle, you need to verify the email address you used during registration. Go to your
Sporcle Settings
to finish the process.
Report this User
Report this user for behavior that violates our
Community Guidelines
.
Details:
Send Report
Go to the Sporcle.com Mobile Site →
Comments